45 Tours de Sardou - Statistiques

Statistiques générales
  • Ce quiz a été pris 15 fois
  • Le résultat moyen est 26 sur 91
Statistiques - réponses
Type de quiz Réponse Année Album % Correct
45T Trema Le France 1975 La vieille - 1976
100%
45T Trema La maladie d'amour 1973 La maladie d'amour - 1973
92%
45T Philips J'habite en France 1970 J'habite en France - 1970
85%
45T Trema La java de Broadway 1977 La java de Broadway - 1977
85%
45T Trema Les lacs du Connemara 1981 Les lacs du Connemara - 1981
85%
45T Trema La vieille 1976 La vieille - 1976
77%
45T Trema Être une femme 1981 Les lacs du Connemara - 1981
69%
45T Trema Je vole 1978 Je vole - 1978
69%
45T Trema Musulmanes 1986 Musulmanes - 1987
69%
M45T Trema Musulmanes 1986 Musulmanes - 1987
69%
45T Trema Verdun 1979 Verdun - 1979
69%
45T Trema Vladimir Ilitch 1983 Vladimir Ilitch - 1983
69%
45T Trema Chanteur de Jazz 1985 Chanteur de Jazz - 1985
62%
45T Trema Le bac G 1992 Le bac G - 1992
62%
45T Philips Le rire du sergent 1971 Bonus - J'habite en France
62%
45T promo Trema Danton 1972 Danton - 1972
54%
45T Trema Le temps des colonies 1977 La vieille - 1976
54%
45T Trema Le temps des colonies / 1e version 1976 La vieille - 1976
54%
45T Trema Io Domenico 1985 Io Domenico - 1984
46%
45T Trema Je vais t'aimer 1976 La vieille - 1976
46%
45T Trema Les vieux mariés 1973 La maladie d'amour - 1973
46%
45T promo Barclay Petit 1967 Aucun album rattaché
46%
45T promo Trema Rouge 1985 Concert 85
46%
45T 25cm Mercury Picture Rouge 2025 Aucun album rattaché
46%
45T promo Trema Tu as changé/Petit 1989 Sardou 66 - 1989
46%
45T Trema Afrique adieu 1982 Il était là (le fauteuil) - 1982
38%
45T Trema Il était là (le fauteuil) 1983 Il était là (le fauteuil) - 1982
38%
45T Trema Le privilège 1990 Le privilège - 1990
38%
45T Trema Le privilège 1990 Le privilège - 1990
38%
45T Philips Les bals populaires 1970 J'habite en France - 1970
38%
S45T Barclay Les ricains 1967 Aucun album rattaché
38%
45T Trema Musica 1982 Les lacs du Connemara - 1981
38%
45T Trema Comme d'habitude 1978 La java de Broadway - 1977
31%
45T Trema Dix ans plus tôt 1977 La java de Broadway - 1977
31%
45T Trema En chantant 1978 Je vole - 1978
31%
45T Trema Je ne suis pas mort, je dors 1979 Verdun - 1979
31%
45T Trema Les deux écoles 1984 Io Domenico - 1984
31%
45T Trema Marie-Jeanne 1990 Le privilège 1990
31%
45T promo Trema Selon que vous serez etc, etc... 1994 Selon que vous serez etc, etc... - 1994
31%
45T Trema Une fille aux yeux clairs 1974 Bonus - La maladie d'amour
31%
45T 25cm Mercury Picture Une fille aux yeux clairs 2024 Aucun album rattaché
31%
45T Trema Aujourd'hui peut-être / Olympia Live 1975 Bonus - Olympia 75
23%
45T Philips Et mourir de plaisir 1970 J'habite en France - 1970
23%
45T Trema La génération Loving You 1980 Victoria - 1980
23%
S45T Barclay Le madras 1965 Aucun album rattaché
23%
45T Hit Magazine Le surveillant général 1972 Danton - 1972
23%
45T Trema Le surveillant général 1972 Danton - 1972
23%
45T Trema Tous les bateaux s'envolent 1987 Bonus - Musulmanes
23%
M45T Trema Tous les bateaux s'envolent 1987 Bonus - Musulmanes
23%
45T Trema 1965 1986 Chanteur de Jazz - 1985
15%
45T Trema 1965 1986 Chanteur de Jazz - 1985
15%
45T promo Trema 1965/18 ans, 18 jours 1985 Chanteur de Jazz - 1985
15%
45T Philips América, américa 1969 J'habite en France - 1970
15%
45T Trema Déborah 1979 Bonus - Verdun
15%
45T Philips Je t'aime, je t'aime 1971 Bonus - J'habite en France
15%
45T Trema Je veux l'épouser pour un soir 1974 Bonus - La maladie d'amour
15%
45T Trema K7 1980 Bonus - Victoria
15%
45T promo Trema La marseillaise 1976 Le monde symphonique - 1976
15%
45T promo Trema Les yeux d'un animal 1984 Vladimir Ilitch - 1983
15%
45T Trema Attention les enfants danger 1989 Le successeur - 1988
8%
45T monoface Mademoiselle Interdit aux bebes 1973 La maladie d'amour - 1973
8%
45T Trema La marche en avant 1974 La maladie d'amour - 1973
8%
45T Trema La même eau qui coule 1988 Le successeur - 1988
8%
45T promo Trema L'an mil 1984 Vladimir Ilitch - 1983
8%
45T Trema Un accident 1975 Bonus - La maladie d'amour
8%
45T Trema Un enfant 1972 Danton - 1972
8%
45T promo Trema Vivant 1982 Il était là (le fauteuil) - 1982
8%
45T Philips Avec l'amour 1972 Danton - 1972
0%
45T Epic SP Cantando 1982 Canta en español - 1981
0%
45T 25cm Mercury Picture Comme d'habitude (live) 2024 Je me souviens d'un adieu (live) - 2024
0%
45T Trema Délire d'amour 1984 Io Domenico - 1984
0%
M45T Trema Délire d'amour 1984 Io Domenico - 1984
0%
45T Mercury En quelle année Georgia 2023 Engagé / Intime (best-ofs) - 2023
0%
M45T Trema Être une femme 97' 1997 Aucun album rattaché
0%
45T promo Trema Féminin comme 1987 Musulmanes - 1987
0%
45T Trema L'argent 1982 BO - Le bourgeois gentilhomme - 1982
0%
45T Trema GB Last flight 1979 Aucun album rattaché
0%
45T Trema Le cinéma d'Audiard 1993 Le bac G - 1992
0%
S45T Barclay Les dessins 1968 Aucun album rattaché
0%
S45T Barclay Les filles d'aujourd'hui 1966 Aucun album rattaché
0%
45T promo Trema Les gens du Show-business 1972 Danton - 1972
0%
45T IT L'eterna malattia 1974 Aucun album rattaché
0%
45T Trema Le vétéran 1991 Le privilège - 1990
0%
S45T Barclay Mods et rockers 1966 Aucun album rattaché
0%
S45T Trema Sardou Vartan / La première fois qu'on s'aimera 1983 Bonus - Il était là (le fauteuil)
0%
M45T Trema Sardou Vartan / La première fois qu'on s'aimera 1983 Bonus - Il était là (le fauteuil)
0%
S45T Barclay Si j'avais un frère 1968 Aucun album rattaché
0%
45T Trema Si l'on revient moins riches 1983 Vladimir Ilitch - 1983
0%
45T Philips IT Star con te (e morir) 1970 Aucun album rattaché
0%
S45T Barclay Tu as changé 1967 Aucun album rattaché
0%
45T Epic SP Volver a vivir 1981 Canta en español - 1981
0%
Aucun quiz correspondant
Distribution des résultats
% des personnes avec chaque résultat
Percentile par nombre de réponses
Votre historique - résultats
Vous n’avez pas pris ce quiz